000 00490 a2200133 4500
000 nam a22 7a 4500
100 _aमोहन, नरेंद्र
110 _aमोहन, नरेंद्र
245 _aकही भी कहानी नही होती 3 भागो में
250 _aLatest edition
260 _bअकेडमिक पब्लिकेशन
_c2025
264 _bअकेडमिक पब्लिकेशन
_c2025
942 _cBK
999 _c396655
_d396655